Beastly natures (Record no. 130692)
[ view plain ]
| 000 -LEADER | |
|---|---|
| fixed length control field | 01558nam a2200349 a 4500 |
| 082 04 - DEWEY DECIMAL CLASSIFICATION NUMBER | |
| Classification number | 590 |
| 245 00 - TITLE STATEMENT | |
| Title | Beastly natures |
| 260 ## - PUBLICATION, DISTRIBUTION, ETC. (IMPRINT) | |
| Place of publication | Charlottesville : |
| Name of publisher | University of Virginia Press, |
| Year of publication | 2010. |
| 300 ## - PHYSICAL DESCRIPTION | |
| Number of Pages | 296 p. : |
| Other physical details | ill. |
| 505 0# - FORMATTED CONTENTS NOTE | |
| Formatted contents note | pt. 1. An anthropological history of animals and the environment -- pt. 2. Acculturating wild creatures -- pt. 3. Animals in the service of society -- pt. 4. Animating the city and the countryside. |
| 650 #0 - SUBJECT ADDED ENTRY--TOPICAL TERM | |
| Topical Term | Human-animal relationships |
| Topical Term | Animals |
| 700 1# - ADDED ENTRY--PERSONAL NAME | |
| Personal name | Brantz, Dorothee. |
| 856 40 - ELECTRONIC LOCATION AND ACCESS | |
| Uniform Resource Identifier | http://site.ebrary.com/lib/rucke/Doc?id=10495619 |
No items available.
